Statistics for Guess the Location #49 (Series 4)

Click here to take the quiz!

General Stats

  • This quiz has been taken 14 times
  • The average score is 11 of 15

Answer Stats

CapitalSovereign
State?
ContinentLocation% Correct
OsloYEuropeNorway
100%
AlgiersYAfricaAlgeria
93%
ZagrebYEuropeCroatia
93%
BaghdadYAsiaIraq
93%
PragueYEuropeCzech Republic
86%
Addis AbabaYAfricaEthiopia
86%
TallinnYEuropeEstonia
79%
DohaYAsiaQatar
79%
Sana'aYAsiaYemen
64%
LusakaYAfricaZambia
57%
[Gibraltar]NEuropeGibraltar
50%
DouglasNEuropeIsle of Man
50%
South TarawaYOceaniaKiribati
43%
NouakchottYAfricaMauritania
43%
NaypyidawYAsiaMyanmar
43%

Score Distribution

Percentile by Number Answered

Percent of People with Each Score

Your Score History

You have not taken this quiz